Köztisztviselő ügyvédek
Elmentve itt :
| Dokumentumtípus: | Cikk |
|---|---|
| Megjelent: |
1933
|
| Sorozat: | Polgári jog : a hazai és külföldi magánjog és hiteljog szemléje
9 |
| Kulcsszavak: | Ügyvédség összeférhetetlenség |
| Online Access: | http://misc.bibl.u-szeged.hu/14376 |
| LEADER | 00564nab a2200157 i 4500 | ||
|---|---|---|---|
| 001 | misc14376 | ||
| 005 | 20191106142341.0 | ||
| 008 | 170607s1933 hu o 0|| hun d | ||
| 040 | |a SZTE Miscellanea Repozitórium |b hun | ||
| 041 | |a hun | ||
| 245 | 0 | 0 | |a Köztisztviselő ügyvédek |h [elektronikus dokumentum] |
| 260 | |c 1933 | ||
| 300 | |a 64-65a | ||
| 490 | 0 | |a Polgári jog : a hazai és külföldi magánjog és hiteljog szemléje |v 9 | |
| 695 | |a Ügyvédség összeférhetetlenség | ||
| 856 | 4 | 0 | |u http://misc.bibl.u-szeged.hu/14376/1/polgari_jog_1933_064-065a.pdf |z Dokumentum-elérés |